=LDR 00000nam 2200000 4500 =001 001049 =005 20250712034851 =035 ##$$a 0010-0725000930 =007 ta =008 250712################a##########0#ind## =020 ##$$a 978-602-244-947-8 =082 ##$$a 398.209 598 =084 ##$$a 398.209 598 DEW s =100 #$$a dewi cholidatul =245 1#$$a Selamatkan dirimu! /$c dewi cholidatul =250 ##$$a Pertama =260 ##$$a Jakarta :$b Kementerian pendidikan, kebudayaan, riset, dan teknologi,$c 2022 =300 ##$$a 30 HLM. : $b ilus. ; $c 23 × 23 cm =990 ##$$a TBM202401007 =990 ##$$a TBM202401008